| 000 | 01290cab a2200217 4500 | ||
|---|---|---|---|
| 001 | ##L135186 | ||
| 008 | 061003n2006 000 0 eng u | ||
| 035 | _a(Sirsi) u135186 | ||
| 041 | 0 | _aeng | |
| 245 | 0 | 0 | _aAccess for all may mean constant upgrade |
| 260 | _c2006 | ||
| 490 | 0 |
_aBuilding Engineer _v81(10) October 2006, 12-13(2) |
|
| 520 | _aDiscusses the challenges of meeting the requirements of the Disability Discrimination Act 1995 Part III. The Act relies on case law to define its parameters and will evolve over time, making it difficult for the industry to keep abreast of changes. Looks at Configure's new software, SmartAudit, a hand-held computer which records access audits of a building. The audits are uploaded to a database which is continually updated as the legislation changes. Also highlights the disability organisation Scope's new programme, Access Equality, and the importance of ensuring accessibility for the 2012 Olympics. | ||
| 590 | _aIKA171006 | ||
| 650 | 2 | 4 | _aOLYMPIC GAMES 2012 |
| 650 | 2 | 4 | _aBUILDING REGULATIONS 2000 APPROVED DOCUMENT M (2004 EDITION) |
| 650 | 2 | 4 | _aDISABILITY DISCRIMINATION ACT 1995 PART III |
| 651 | 4 |
_aUnited Kingdom _y |
|
| 690 | _aBUILT ENVIRONMENT-BUILDING MAINTENANCE AND REFURBISHMENT-BUILDING ADAPTATION | ||
| 942 | _n0 | ||
| 999 |
_c77824 _d77824 |
||